00494pam a2200157 a 4500020000500000041000500005082001600010100002200026245004600048250001000094260003600104300001100140930000800151999001900159952015800178 c h a658.82bKON aKonikow Robert B. aSales Promotion DesignhTextual Documents a1990. aAmericabPBC International Inc. aH/253. a349 c234139d234139 001040708General aFAPbFAPd2004-03-06eChandrakant Book Distributors Mumbaig750.00l0o658.82 KONpFAP-0349r2023-03-07 00:00:00t1w2023-03-07yBK